• 首页
  • 本馆介绍
  • 公告通知
  • 最新文献
  • 馆藏检索
  • 电子资源
  • 读者导购
  • 参考咨询
  • 我的图书馆
  • 登录
  • 详细信息显示
  • 放入我的书架
  • 预约/预借图书
  • 作者相关作品
  • 分类相关作品
  • 丛书相关作品
  • 出版社相关作品

书目信息

  • 表格格式
  • 工作单格式
  • 卡片格式
题名:
党政领导干部选拔任用、收入申报、礼品登记及最新反腐败政策法规手册
    
 
作者: “干部人事及廉政法制建设研究”课题组
分册:  
出版信息: 北京   中国人事出版社  1995.07
页数: 274页
开本: 20cm
丛书名:
单 册:
中图分类: D922.11
科图分类:
主题词: 法律--中国
电子资源:
ISBN: 7-80076-704-3
000 00812nam0 2200205 45
001 0404251031
005 20040425105648.2
010    @a7-80076-704-3@dCNY9.80
100    @a20040425d1995 km y0chiy0120 ea
101 0  @achi
105    @a z 000yy
200 1  @a党政领导干部选拔任用、收入申报、礼品登记及最新反腐败政策法规手册@ADang Zheng Ling Dao Gan Bu Xuan Ba Ren Yong、Shou Ru Shen Bao、Li Pin Deng Ji Ji Zui Xin Fan Fu Bai Zheng Ce Fa Gui Shou Ce@f“干部人事及廉政法制建设研究”课题组@F“Gan Bu Ren Shi Ji Lian Zheng Fa Zhi Jian She Yan Jiu”Ke Ti Zu
210    @a北京@c中国人事出版社@d1995.07
215    @a274页@d20cm
300    @a内部发行
606 0  @a法律@x中国
690    @aD922.11@v3
701  0 @a“干部人事及廉政法制建设研究”课题组
801    @aCN@bTSTCL@c20040425
905    @f1@b274523@dD922.11@e250
    
    党政领导干部选拔任用、收入申报、礼品登记及最新反腐败政策法规手册/“干部人事及廉政法制建设研究”课题组.-北京:中国人事出版社,1995.07
    274页;20cm
    内部发行
    
    ISBN 7-80076-704-3:CNY9.80
    
●
相关链接 在E读中查询图书 在五车中查询图书 在当当中查询图书 在豆瓣中查询图书


正题名:党政领导干部选拔任用、收入申报、礼品登记及最新反腐败政策法规手册     索取号:D922.11/250         预约/预借

序号 登录号 条形码 馆藏地/架位号 状态 备注
1 0274523   001252520   密集书库/ [索取号:D922.11/250] 在馆    
2 0274524   001252539   第一样本阅览室/ [索取号:D922.11/250] 在馆    
唐山师范学院图书馆 欢迎您!
大连网信软件有限公司© 版权所有